000 01912nam a2200337 a 4500
001 BRCA_6539
005 20190320205510.0
008 290911s1986----mx-#######---#000-0#spa-#
020 _a9688378232
041 _aspa
044 _amx
050 4 _aBX1750
_b.C65 1986
245 1 0 _aColoquios y Doctrina Cristiana
_bcon que los doce frailes de San Francisco, enviados por el papa Adriano VI y por el emperador Carlos V, convirtieron a los indios de la Nueva España. En lengua mexicana y española
_cedición facsimilar, introducción, paleografía, versión del náhuatl y notas de Miguel León-Portilla.
260 _aMéxico
_bUNAM, Fundación de Investigaciones Sociales
_c1986
300 _a214 p.
_bil. a color
_c35 cm.
440 0 _aFacsímiles de Lingüistica y Filosofía Nahuas
_v4
_916320
500 _aLos diálogos de 1524, dispuestos por fray Bernardino de Sahagún y sus colaboradores, Antonio Valeriano de Azcapotzalco, Alonso Vegerano de Cuauhtitlán, Martín Jacobita y Andrés Leonardo de Tlatelolco, y otros cuatro ancianos muy entendidos en todas sus antigüedades
500 _aFacsímil de: Colloquios y Doctrina christian conque los doze frayles de San Francisco enbiados por el papa Adriano Sesto y por el Emperador Carlo quinto: cônvertierôn alos indios de la Nueva España ênlêngua Mexicana y Española, 1524
500 _aDonación Dra. Elsa Barberena
504 _aBibliografía: p. [209]-214
546 _aTexto en: náhuatl y español
650 1 4 _aMisiones
_xObras anteriores a 1800
_zMéxico
_916321
650 1 4 _aManuscritos españoles
_vFacsímiles
_916322
650 1 4 _aManuscritos
_xFacsímiles
_916323
650 1 4 _aLengua náhuatl
_vtextos
_916324
651 4 _aMéxico
_xHistoria de la Iglesia
_ySiglo XVI
_916325
700 1 _aLeón-Portilla, Miguel
_d1926-
_9561
700 1 _aSahagún, Bernardino de
_cFray
_d1499-1590
_916326
902 _aDEB
942 _2lcc
_cB
999 _c6223
_d6223